| 000 | 00430cam a2200181 4500 | ||
|---|---|---|---|
| 001 | D6078 | ||
| 008 | 090401t1981 xxu||||| |||| 00| 0 eng d | ||
| 035 | _a(Sirsi) u84492 | ||
| 041 | _aeng | ||
| 050 | _a526.8 | ||
| 100 | _aJackson, J.E. | ||
| 245 | _aSphere, spheroid and projections for surveyors | ||
| 260 |
_aSt. Albans _bGranada _c1981 |
||
| 300 | _axiv. 138p. 24cm | ||
| 350 | _a15 | ||
| 942 | _n0 | ||
| 948 | _c04/03/1997 | ||
| 999 |
_c96958 _d96958 |
||